L'empire du concours : lyceens et enseignants au Japon

Αποθηκεύτηκε σε:
Λεπτομέρειες βιβλιογραφικής εγγραφής
Κύριος συγγραφέας: Sabouret, Jean-Francois
Μορφή: Βιβλίο
Γλώσσα:French
Δημοσίευση: Paris : Autrement, c1985
Σειρά:Ciel ouvert,
Θέματα:
Ετικέτες: Προσθήκη ετικέτας
Δεν υπάρχουν, Καταχωρήστε ετικέτα πρώτοι!

MARC

LEADER 00000nam a2200000 i 4500
001 1/83388
008 980929s1985 fre d
020 |a 2-86260-148-9 
035 |l 10034181 
035 |a 1987  |b 1  |c Τσιάκαλος 
040 |a GR-MY-UA  |b gre  |e aacr 
041 0 |a fre 
082 0 |a 370.952  |2 (20) 
100 1 |a Sabouret, Jean-Francois. 
245 1 0 |a L'empire du concours :  |b lyceens et enseignants au Japon /  |c Jean-Franπcois Sabouret 
260 |a Paris :   |b Autrement,   |c c1985 
300 |a 284 p.;  |c 21 cm 
490 1 |a Ciel ouvert  |x 0769-2951 
650 0 0 |a Education  |z Japan. 
650 0 0 |a Education  |x Social aspects  |z Japan. 
650 0 0 |a Competition (Psychology) 
830 0 |a Ciel ouvert,  |x 0769-2951 
852 |a INST  |b RHODES  |e 19980929  |h 370.952 SAB  |p 005400003517  |q 005400003517  |t BK  |y 0 
909 |a Ρ  |b 005807  |c 1987